000 01245nam a2200313 a 4500
001 31866
003 BD-RjUL
005 20211209051747.0
008 140422s1961 cau b 000 0 eng d
035 _a(BD-RjUL)31954
035 _a(OCoLC)798323443
040 _aBD-RjUL
_beng
_cBD-RjUL
041 1 _aeng
_hger
082 0 4 _a193
_bHEN V-2 1961
100 1 _aHeidegger, Martin,
_d1889-1976.
_92758
245 1 0 _aNietzsche /
_cMartin Heidegger ; translated from the German by David Farrell Krell.
260 _aAuflage :
_bNeske,
_c1961.
300 _a492 p. ;
_c21 cm.
500 _aTranslation of: Nietzsche. First published, 1961. Translation first published 1979, 1984
500 _aOriginally published in 4 v. by Harper & Row, 1979-1987
504 _aIncludes bibliographical references
505 0 _av.1. The will to power as art ; The eternal recurrence of the same / translated from the German by David Farrell Krell -- v. 2. The will to power as knowledge and as metaphysics ; Nihilism / edited by David Farrell Krell.
600 1 0 _aNietzsche, Friedrich Wilhelm,
_d1844-1900.
_93589
700 1 _aBand Zweiter
_962409
942 _2ddc
_cBK
999 _c31866
_d31866